01466nam a22003494a 4500001001200000003000800012006001900020007001500039008004100054010001700095020004000112020003500152040002100187035002000208050002500228082002400253100002400277245014800301260004000449300004100489490004300530504005400573533015200627650003700779650004200816655002900858700002900887710001700916830004000933856012600973999001701099ebr10064676CaPaEBRm u cr cn|||||||||021018s2003 dcuab sb 000 0 eng  z 2002152291 z1559633239 (hardcover : alk. paper) z1559633247 (pbk. : alk. paper) aCaPaEBRcCaPaEBR a(OCoLC)5675058814aSH213.2b.P38 2003eb04a333.95/6/0916312211 aPauly, D.q(Daniel)10aIn a perfect oceanh[electronic resource] :bthe state of fisheries and ecosystems in the North Atlantic Ocean /cDaniel Pauly and Jay Maclean. aWashington :bIsland Press,cc2003. axxx, 175 p. :bcol. ill., col. maps.1 aThe state of the world's oceans series aIncludes bibliographical references (p. 153-163). aElectronic reproduction.bPalo Alto, Calif. :cebrary,d2013.nAvailable via World Wide Web.nAccess may be limited to ebrary affiliated libraries. 0aFisherieszNorth Atlantic Ocean. 0aMarine ecologyzNorth Atlantic Ocean. 7aElectronic books.2local1 aMaclean, J. L.q(Jay L.)2 aebrary, Inc. 0aState of the world's oceans series.40uhttp://site.ebrary.com/lib/rucke/Doc?id=10064676zAn electronic book accessible through the World Wide Web; click to view c48214d48214